Quiz mythologique : Éros. - Statistiques

Statistiques générales
  • Ce quiz a été pris 24 fois
  • Le résultat moyen est 7 sur 13
Statistiques - réponses
Questions Réponses % Correct
De quoi Eros est-il le dieu ? Amour
100%
Nom romain Cupidon
100%
Quelle est son arme principale ? Arc
96%
Mère Aphrodite
91%
Père Arès
78%
Selon Hésiode, il est issu de cette entité primordiale Chaos
57%
De quelle mortelle s'éprit-il en se blessant avec celle-ci ? Psyché
57%
Gaïa
48%
Nyx
43%
Selon Hésiode il est donc le frère de Tartare
30%
Érèbe
22%
Quel enfant eut-il avec elle ? Hédoné
9%
De quel groupe accompagnant sa mère fait-il partie ? Érotes
4%
Aucun quiz correspondant
Distribution des résultats
% des personnes avec chaque résultat
Percentile par nombre de réponses
Votre historique - résultats
Vous n’avez pas pris ce quiz